000 01962nam a22002537a 4500
999 _c60177
_d60177
003 Ge_BSU
005 20230615101655.0
008 230615s1998 ge ||||| |||| 00| 0 geo d
020 _a9992865180
041 _ageo
080 _a1(38) დ-22
100 _aდარჩია, ირინე
_96263
245 _aპლატონის ფედონი (ლიტერატურა, ფილოსოფია, მითოლოგია, მისტიკა) /
_cირინე დარჩია; [რედ.: რისმაგ გორდეზიანი]; ივ. ჯავახიშვილის სახელობის თბილისის სახელმწიფო უნივერსიტეტი. კლასიკური ფილოლოგიის, ბიზანტინისტიკისა და ნეოგრეცისტიკის ინსტიტუტი.
264 _aთბილისი :
_bლოგოსი,
_c1998.
300 _a144გვ. ;
_b20სმ.
490 _aპუბლ. და ღონისძ. კლასიკ. ფილოლ., ბიზანტ. და ნეოგრეც. სფეროში
504 _aბიბლიოგრ.: გვ. 140.
653 _aპლატონი
653 _aძველი ბერძნული ფილოსოფია
653 _aმისტიციზმი. მითოლოგია
700 _aგორდეზიანი, რისმაგ
_eრედაქტორი
_918724
710 _aივ. ჯავახიშვილის სახელობის თბილისის სახელმწიფო უნივერსიტეტი.
_bკლასიკური ფილოლოგიის, ბიზანტინისტიკისა და ნეოგრეცისტიკის ინსტიტუტი.
_918725
942 _2udc
_cBK